Nazi Germany, 1933-1945 - Statistics

General Stats
  • This quiz has been taken 1,094 times
  • The average score is 6 of 15
Answer Stats
Hint Answer % Correct
Who was Reichsführer-SS? Heinrich Himmler
84%
Who was the head of the Ministry of Public Enlightenment and Propaganda? Joseph Goebbels
71%
Which rowdy organisation did Ernst Röhm head before his murder in 1934? SA
56%
What island did Adolf Eichmann suggest Jews be emigrated to? Madagascar
50%
Who was Deputy Führer until an unexpected solo flight to Scotland in 1941? Rudolf Hess
50%
The Munich Putsch of 1923 also has what nickname? The Beer-Hall Putsch
45%
Brother and sister Hans and Sophie Scholl headed which resistance group? The White Rose Group
40%
Lebensborn encouraged German women to concieve with whom? SS Officers
36%
Who succeeded Adolf Hitler as Fuhrer? Karl Donitz
33%
Out of Poland's 3,300,000 Jews, how many were exterminated? 3,000,000
30%
Who chaired the Wannsee Conference of 1942? Reinhard Heydrich
27%
Simultaneously with Hitler, who was appointed Vice-Chancellor? Franz Von Papen
20%
Which Dutch Communist was charged with the burning of the Reichstag? Marinus van der Lubbe
18%
In 1934, what did Nazi newspapers claim that Jews do to Christian children? Murder them
11%
Kristallnacht was prompted by the murder of which Nazi official by a Polish Jew in Paris? Ernst Von Rath
7%
No matching quizzes found
Score Distribution
Percent of People with Each Score
Percentile by Number Answered
Your Score History
You have not taken this quiz